Statistics for Do You Want To Build A Snowman? - Disney, Frozen

Click here to take the quiz!

General Stats

  • This quiz has been taken 149 times
  • The average score is 129 of 165

Answer Stats

Answer% Correct
do?
99%
you
99%
Do
99%
a
98%
build
97%
snowman?
97%
snowman...
97%
to
93%
I
93%
the
91%
wanna
91%
Go
88%
go
88%
and
88%
And
88%
be
87%
"Have
86%
have
86%
on
85%
on,
85%
It
85%
play!
84%
we
84%
We
84%
Come
84%
let
84%
Elsa,
83%
away
83%
me
83%
Elsa?
83%
away.
83%
let's
82%
now
81%
not
81%
by...
81%
out
79%
why!
79%
we're
79%
best
78%
used
78%
door
78%
in
78%
you've
78%
It's
78%
Anna.
78%
there
77%
like
77%
are
77%
see
76%
buddies
76%
doesn't
76%
bye...
76%
wish
75%
tell
75%
Okay
73%
would
73%
gone
73%
know
72%
around
72%
anymore
72%
or
72%
ride
71%
What
71%
bike
70%
where
70%
never
70%
been
70%
Just
69%
just
69%
halls?
67%
pictures
67%
you're
67%
They
66%
talking
66%
walls!
66%
asking
65%
our
65%
People
65%
is
64%
gonna
64%
other
62%
these
62%
only
62%
each
62%
started
62%
Hang
62%
All
61%
say,
60%
I'm
60%
think
60%
please
59%
empty
59%
some
59%
I've
59%
lonely
59%
overdue
58%
watching
58%
rooms
58%
trying
58%
little
58%
for
57%
here
56%
courage,"
56%
company
56%
tick
56%
gets
56%
hours
55%
right
51%
Joan.
50%
tick-tock
36%

Score Distribution

Percentile by Number Answered

Percent of People with Each Score

Your Score History

You have not taken this quiz